| 000 | 00409nam a2200145Ia 4500 | ||
|---|---|---|---|
| 008 | 230917s9999||||xx |||||||||||||| ||und|| | ||
| 040 |
_e114003 _aMAIN |
||
| 041 | _aEnglish | ||
| 082 | _a515.35 B466E | ||
| 100 | _aBetten, Anton | ||
| 245 | 0 | _aError-correcting linear codes: Classification by isometry and applications | |
| 260 |
_aNew York _bSpringer-Verlag _c2000 |
||
| 300 | _axxix, 798 p. | ||
| 942 | _cBK | ||
| 999 |
_c140001 _d140001 |
||